№ 5, июнь; Университетская книга

Bibliografische gegevens
Parent link:Университетская книга: информационно-аналитический журнал. № 5, июнь.— , 2020-
Taal:Russisch
Gepubliceerd in: 2021
Formaat: MixedMaterials Boek
KOHA link:https://koha.lib.tpu.ru/cgi-bin/koha/opac-detail.pl?biblionumber=586453

MARC

LEADER 00000nam2a2200000 4500
001 586453
005 20231101131407.0
035 |a (RuTPU)RU\TPU\prd\289006 
090 |a 586453 
100 |a 20210628a19969999km y0rusy50 ca 
101 0 |a rus 
102 |a RU 
200 0 |a № 5, июнь 
210 |d 2021 
461 1 |0 (RuTPU)RU\TPU\prd\288011  |t Университетская книга  |o информационно-аналитический журнал  |v № 5, июнь  |d 2020- 
801 0 |a RU  |b 63413507  |c 20010227  |g PSBO 
801 1 |a RU  |b 63413507  |c 20210628 
801 2 |a RU  |b 63413507  |c 20230622  |g RCR 
942 |c BK 
999 |a НТБ_ТПУ  |b НФ  |e -1/20210108  |p П-9262  |s 2/20210201  |u 0,00  |v 1